| 000 | 00469nam a22001817a 4500 | ||
|---|---|---|---|
| 003 | SISC | ||
| 005 | 20160317132840.0 | ||
| 008 | 130907t xxu||||| |||| 00| 0 eng d | ||
| 050 |
_aMT 262 _b.Su968 2000 |
||
| 082 |
_aHS 787.2 _bS1 2000 |
||
| 245 | _aSuzuki violin school piano accompaniments volume 1. / | ||
| 250 | _arevised ed. | ||
| 260 |
_aWarner Bros Pub : _bU.S.A, _cc2000. |
||
| 300 |
_a24 p. : _c30 cm. |
||
| 562 | _e1 | ||
| 942 |
_2lcc _cBK |
||
| 999 |
_c10615 _d10615 |
||